000 00659nas a2200217 4500
001 BR9505713
003 BR-BrBNA
005 20231205094436.0
007 ta
008 230509b bl.|||p| |||| 00| 00por d
040 _aBR-BrBNA
_bpor
_cBiblioteca Nacional de Agricultura
041 _a(En)
072 _aH10
100 1 _aSales, F.J.M. de
245 1 _aEffect of dietary ascorbic acid on the development of beet armyoworm, Spodoptera exigua (Hubner)
650 _aLagarta
650 _aBiologia
773 0 _tCiencia Agronomica (Brazil)
_x
_g(Jan 1972), v. 2(1) p. 13-17
_wBR9505713
909 _a202311
_bLúcia
_c55
_dLúcia Elande
942 _2AGRIS
_n0
_cANA
999 _c144351
_d144351